<?xml version="1.0" encoding="UTF-8"?>
<record
    xmlns:xsi="http://www.w3.org/2001/XMLSchema-instance"
    xsi:schemaLocation="http://www.loc.gov/MARC21/slim http://www.loc.gov/standards/marcxml/schema/MARC21slim.xsd"
    xmlns="http://www.loc.gov/MARC21/slim">

  <leader>01596    a2200217   4500</leader>
  <controlfield tag="001">53375</controlfield>
  <controlfield tag="005">20260407155808.0</controlfield>
  <controlfield tag="008">260407a1941    arg                 spa d</controlfield>
  <controlfield tag="003">AR-UNSa-BCEJYS</controlfield>
  <datafield tag="040" ind1=" " ind2=" ">
    <subfield code="a">AR-UNSa-BCEJYS</subfield>
    <subfield code="b">spa</subfield>
    <subfield code="c">AR-UNSa-BCEJYS</subfield>
  </datafield>
  <datafield tag="080" ind1=" " ind2=" ">
    <subfield code="a">94:33</subfield>
    <subfield code="x">Historia econ&#xF3;mica</subfield>
  </datafield>
  <datafield tag="245" ind1="1" ind2="0">
    <subfield code="a">Historia de la econom&#xED;a</subfield>
    <subfield code="p">Hasta principios del siglo XIX</subfield>
  </datafield>
  <datafield tag="250" ind1=" " ind2=" ">
    <subfield code="a">3a. ed.</subfield>
  </datafield>
  <datafield tag="264" ind1=" " ind2="1">
    <subfield code="a">Barcelona :</subfield>
    <subfield code="b">Labor</subfield>
    <subfield code="c">1941</subfield>
  </datafield>
  <datafield tag="300" ind1=" " ind2=" ">
    <subfield code="a">361 p.</subfield>
    <subfield code="c">18 cm.</subfield>
  </datafield>
  <datafield tag="505" ind1=" " ind2=" ">
    <subfield code="a">PARTE I. Historia de la econom&#xED;a en la antiguedad - Introducci&#xF3;n: Evoluci&#xF3;n de la historia de la econom&#xED;a en la antiguedad - I. Examen del desarrollo econ&#xF3;mico del Oriente hasta la constituci&#xF3;n del sistema econ&#xF3;mico greco-oriental - II. La era del comercio griego con objetos preciosos (tr&#xE1;fico tesaurario) - III. La &#xE9;poca de la colonizaci&#xF3;n griega - IV. El sistema econ&#xF3;mico griego - V. El sistema econ&#xF3;mico greco-oriental - VI. Desarrollo de la econom&#xED;a en el orbe romano - VII. El imperio romano como entidad econ&#xF3;mica - VIII. Desintegraci&#xF3;n y fin de la econom&#xED;a del mundo antiguo - PARTE II: Historia de la econom&#xED;a desde fines de la antiguedad hasta principios del siglo XIX - I. Historia de la econom&#xED;a y per&#xED;odos econ&#xF3;micos.La econom&#xED;a bizantina - II. La econom&#xED;a occidental y sus fundamentos agrarios - III. La ciudad medieval - IV. El mercantilismo del Estado - V. Iniciaci&#xF3;n de la econom&#xED;a liberal y constituci&#xF3;n de capitales - VI. El tr&#xE1;nsito a la econom&#xED;a moderna</subfield>
  </datafield>
  <datafield tag="942" ind1=" " ind2=" ">
    <subfield code="c">BK</subfield>
  </datafield>
  <datafield tag="590" ind1=" " ind2=" ">
    <subfield code="a">niveau_biblio:m niveau_hierar:0</subfield>
  </datafield>
  <datafield tag="100" ind1="1" ind2=" ">
    <subfield code="a">Neurath, Otto</subfield>
  </datafield>
  <datafield tag="700" ind1="1" ind2=" ">
    <subfield code="a">Sieveking, Heinrich</subfield>
  </datafield>
  <datafield tag="999" ind1=" " ind2=" ">
    <subfield code="c">5228</subfield>
    <subfield code="d">5228</subfield>
  </datafield>
  <datafield tag="952" ind1=" " ind2=" ">
    <subfield code="0">0</subfield>
    <subfield code="1">0</subfield>
    <subfield code="4">0</subfield>
    <subfield code="7">0</subfield>
    <subfield code="a">BCEJYS</subfield>
    <subfield code="b">BCEJYS</subfield>
    <subfield code="c">16</subfield>
    <subfield code="d">2026-04-07</subfield>
    <subfield code="l">0</subfield>
    <subfield code="o">94:33 N477 3ed.</subfield>
    <subfield code="p">L20718</subfield>
    <subfield code="r">2026-04-07 15:58:08</subfield>
    <subfield code="w">2026-04-07</subfield>
    <subfield code="y">L</subfield>
  </datafield>
  <datafield tag="952" ind1=" " ind2=" ">
    <subfield code="0">0</subfield>
    <subfield code="1">0</subfield>
    <subfield code="4">0</subfield>
    <subfield code="7">0</subfield>
    <subfield code="a">BCEJYS</subfield>
    <subfield code="b">BCEJYS</subfield>
    <subfield code="c">16</subfield>
    <subfield code="d">2026-04-07</subfield>
    <subfield code="l">0</subfield>
    <subfield code="o">94:33 N477 3ed.</subfield>
    <subfield code="p">L20719</subfield>
    <subfield code="r">2026-04-07 15:58:08</subfield>
    <subfield code="w">2026-04-07</subfield>
    <subfield code="y">L</subfield>
  </datafield>
</record>
